000 00499nam a2200181Ia 4500
005 20250326141306.0
008 250326s9999 xx 000 0 und d
037 _aTextbook
040 _aFMSL
_beng
_cFMSL
041 _aeng
_2eng
084 _aX.44 N4
_qFMSL
100 _aRamachandran K.s.
245 0 _aChallenge of economic management
_cRamachandran K.s.
260 _aNew Delhi
_bNew Delhi, Har Ad
_c1994
300 _a171p
942 _cTB
_hX.44 N4
999 _c1289626
_d1289626